000
00319nam a2200133Ia 4500
005
20260328104319.0
008
260328s9999||||xx |||||||||||||| ||und||
100
_a
Berdini, Paolo
245
0
_a
Walter Gropius /
_c
Paolo Berdini
260
_b
Gustavo Gili
300
_a
226 p.
650
_a
Gropius, Walter
942
_c
BK
999
_c
11300
_d
11300